[Event "Muensterland op 41st"]
[Site "Muenster"]
[Date "2024.10.19"]
[Round "9"]
[White "Schwitkowski, Luka"]
[Black "Kamp, Adrian"]
[Result "1/2-1/2"]
[WhiteElo "2012"]
[BlackElo "2165"]
[PlyCount "89"]
[EventDate "2024.10.12"]
[EventType "swiss"]
[EventRounds "9"]
[EventCountry "GER"]
[SourceTitle "CB43_2024"]
[Source "Chessbase"]
[SourceDate "2024.10.23"]
[SourceVersion "1"]
[SourceVersionDate "2024.10.23"]
[SourceQuality "1"]

1. e4 c5 2. Nf3 Nc6 3. d4 cxd4 4. Nxd4 Nf6 5. Nc3 e5 6. Ndb5 d6 7. Bg5 a6 8. Na3 b5 9. Nab1 Be7 10. Bxf6 Bxf6 11. a4 b4 12. Nd5 0-0 13. Bc4 Na5 14. Ba2 Rb8 15. 0-0 Be6 16. Nd2 Bg5 17. Nf3 Be7 18. Qd3 Bxd5 19. Bxd5 Qb6 20. g3 Rfc8 21. h4 Rc7 22. Rac1 Rbc8 23. Nh2 Nc6 24. c3 bxc3 25. bxc3 Qa5 26. Qf3 Nd8 27. c4 Bf8 28. Qg4 Nc6 29. Nf3 Nb4 30. Nh2 Nc6 31. Nf3 Nb4 32. Ng5 Nxd5 33. exd5 g6 34. f4 f5 35. Qe2 e4 36. Ne6 Rb7 37. Rb1 Rxb1 38. Rxb1 Qxa4 39. Rb7 Qa1+ 40. Kh2 Qc3 41. c5 dxc5 42. d6 Bxd6 43. Qxa6 Re8 44. Qxd6 Qc4 45. Nxc5 1/2-1/2

[Event "Muensterland op 41st"]
[Site "Muenster"]
[Date "2024.10.18"]
[Round "8"]
[White "Kamp, Adrian"]
[Black "Boesel, Alexander"]
[Result "0-1"]
[WhiteElo "2165"]
[BlackElo "2045"]
[PlyCount "76"]
[EventDate "2024.10.12"]
[EventType "swiss"]
[EventRounds "9"]
[EventCountry "GER"]
[SourceTitle "CB43_2024"]
[Source "Chessbase"]
[SourceDate "2024.10.23"]
[SourceVersion "1"]
[SourceVersionDate "2024.10.23"]
[SourceQuality "1"]

1. e4 c6 2. c4 d5 3. cxd5 cxd5 4. exd5 Qxd5 5. Nc3 Qa5 6. Bc4 Nf6 7. Nf3 e6 8. 0-0 Be7 9. d4 0-0 10. Re1 Nc6 11. Bf4 a6 12. Ne5 Rd8 13. Nxc6 bxc6 14. Qf3 Bb7 15. Be5 Qb4 16. Qe2 c5 17. a3 Qb6 18. dxc5 Qc6 19. Qf1 Bxc5 20. Bxf6 gxf6 21. Ne4 Bd4 22. Rac1 Qb6 23. b4 Kh8 24. Rc2 Rg8 25. g3 Rac8 26. Qe2 f5 27. Nc5 Rxc5 28. bxc5 Qc6 29. Bd5 Qxd5 30. c6 Bxc6 31. Rxc6 Qxc6 32. Rd1 Bf6 33. Rb1 Qe4 34. Qd1 Rd8 35. Qc1 Qf3 36. h3 f4 37. Qxf4 Qxf4 38. gxf4 Rd3 0-1

[Event "GER-ch U25 op-A"]
[Site "Willingen"]
[Date "2024.05.20"]
[Round "3"]
[White "Stegert, Jonas"]
[Black "Kamp, Adrian"]
[Result "0-1"]
[WhiteElo "1927"]
[BlackElo "2098"]
[PlyCount "132"]
[EventDate "2024.05.19"]
[EventType "swiss"]
[EventRounds "9"]
[EventCountry "GER"]
[SourceTitle "EXT 2025"]
[Source "ChessBase"]
[SourceDate "2024.10.14"]
[SourceVersion "1"]
[SourceVersionDate "2024.10.14"]
[SourceQuality "1"]

1. c4 Nf6 2. Nc3 c5 3. g3 e6 4. Bg2 d5 5. cxd5 exd5 6. d4 cxd4 7. Qxd4 Nc6 8. Qd1 d4 9. Nb1 Bb4+ 10. Bd2 Bc5 11. Nf3 0-0 12. 0-0 Re8 13. a3 Qe7 14. Re1 Bf5 15. b4 Bb6 16. Bf4 Rad8 17. Nbd2 Nd5 18. Nc4 Nc3 19. Qd2 Nxe2+ 20. Kh1 d3 21. Nxb6 axb6 22. Rad1 Qd7 23. Be3 b5 24. Bb6 Ra8 25. Qb2 Ra6 26. Be3 Qc8 27. Nh4 Ne5 28. Nxf5 Qxf5 29. Bxb7 Nc4 30. Qb1 Rxa3 31. Bc1 Ra7 32. Qxd3 Qxd3 33. Rxd3 Kf8 34. Be3 Nxe3 35. Bf3 Nc2 36. Rxe2 Ra1+ 37. Kg2 Rxe2 38. Bxe2 Ne1+ 39. Kh3 Nxd3 40. Bxd3 Ra4 41. Bxb5 Rxb4 42. Bf1 Ke7 43. Kg2 Kf6 44. h4 Rd4 45. Be2 Kf5 46. Bf3 Ke5 47. Kf1 Rb4 48. Ke2 f5 49. Bg2 Rb2+ 50. Kf1 f4 51. Bf3 h6 52. Kg1 Kf5 53. Kf1 Rb3 54. Kg2 Rc3 55. g4+ Ke5 56. Bb7 Kd4 57. Ba6 Rb3 58. Be2 Kc3 59. Bf3 Kd2 60. Be4 Ke1 61. f3 Rb2+ 62. Kh3 g5 63. hxg5 hxg5 64. Bc2 Kf2 65. Be4 Rb3 66. Bd5 Rxf3+ 0-1

[Event "GER-ch U25 op-A"]
[Site "Willingen"]
[Date "2024.05.19"]
[Round "1"]
[White "Kieselbach, Marvin"]
[Black "Kamp, Adrian"]
[Result "0-1"]
[WhiteElo "1887"]
[BlackElo "2098"]
[PlyCount "60"]
[EventDate "2024.05.19"]
[EventType "swiss"]
[EventRounds "9"]
[EventCountry "GER"]
[SourceTitle "EXT 2025"]
[Source "ChessBase"]
[SourceDate "2024.10.14"]
[SourceVersion "1"]
[SourceVersionDate "2024.10.14"]
[SourceQuality "1"]

1. e4 c5 2. Nf3 Nc6 3. Nc3 Nf6 4. Bb5 d6 5. 0-0 Bd7 6. Re1 e6 7. d4 cxd4 8. Nxd4 a6 9. Bf1 Be7 10. a3 0-0 11. Be3 Qc7 12. f4 Rac8 13. Qf3 Nxd4 14. Bxd4 Bc6 15. Bd3 b5 16. Rad1 Rfd8 17. Qg3 g6 18. e5 Nh5 19. Qg4 dxe5 20. Bxe5 Qb6+ 21. Kh1 Bf6 22. f5 exf5 23. Bxf5 Rxd1 24. Rxd1 Re8 25. Bxf6 Nxf6 26. Qg3 Nh5 27. Qh4 Qe3 28. Rg1 Nf4 29. Nd1 Nxg2 30. Qf6 Qf3 0-1

[Event "GER-ch Amateurs"]
[Site "Bad Wildungen"]
[Date "2024.??.??"]
[Round "2"]
[White "Peters, Frank"]
[Black "Kamp, Adrian"]
[Result "0-1"]
[WhiteElo "2088"]
[BlackElo "2120"]
[PlyCount "102"]
[EventDate "2024.08.03"]
[EventType "swiss"]
[EventRounds "5"]
[EventCountry "GER"]
[SourceTitle "CBM 221 Extra"]
[Source "ChessBase"]
[SourceDate "2024.09.30"]
[SourceVersion "1"]
[SourceVersionDate "2024.09.30"]
[SourceQuality "1"]

1. Nf3 c5 2. c4 Nc6 3. Nc3 g6 4. g3 Bg7 5. Bg2 d6 6. 0-0 e5 7. d3 Nge7 8. Rb1 0-0 9. a3 a5 10. Bd2 h6 11. Ne1 Bg4 12. Nc2 Qd7 13. Ne3 Bh3 14. Ned5 Bxg2 15. Kxg2 Nxd5 16. Nxd5 Ne7 17. Bxh6 Nxd5 18. Bxg7 Nf4+ 19. gxf4 Kxg7 20. e3 exf4 21. Qf3 fxe3 22. fxe3 Qe7 23. Qg3 Qe5 24. e4 a4 25. Rf2 b5 26. Qxe5+ dxe5 27. cxb5 Rfb8 28. Rc1 Rxb5 29. Rc4 Ra7 30. Kf3 Rd7 31. Ke3 Rd4 32. Rc3 Rd8 33. Rfc2 Rh8 34. Rxc5 Rh3+ 35. Kd2 Rxh2+ 36. Kc1 Rh1+ 37. Kd2 Rh2+ 38. Kc1 Rxc5 39. Rxc5 Kf6 40. Rc4 g5 41. Rxa4 g4 42. Ra8 g3 43. Rg8 g2 44. a4 Rh1+ 45. Kc2 g1Q 46. Rxg1 Rxg1 47. b4 Ke6 48. Kc3 Rc1+ 49. Kb2 Rd1 50. Kc2 Ra1 51. a5 Ra3 0-1

[Event "GER-chT U20"]
[Site "Magdeburg"]
[Date "2023.12.29"]
[Round "6.1"]
[White "Gallasch, Jonas"]
[Black "Kamp, Adrian"]
[Result "1/2-1/2"]
[WhiteElo "2304"]
[BlackElo "2042"]
[PlyCount "67"]
[EventDate "2023.12.26"]
[EventType "team-swiss"]
[EventRounds "7"]
[EventCountry "GER"]
[SourceTitle "CBM 218 Extra"]
[Source "ChessBase"]
[SourceDate "2024.03.31"]
[SourceVersion "1"]
[SourceVersionDate "2024.03.31"]
[SourceQuality "1"]
[WhiteTeam "Porz SG"]
[BlackTeam "Muenster 32"]
[WhiteTeamCountry "GER"]
[BlackTeamCountry "GER"]

1. Nf3 Nf6 2. c4 e6 3. g3 d5 4. Bg2 dxc4 5. Qa4+ Nbd7 6. 0-0 c6 7. Qxc4 Bd6 8. d4 0-0 9. Nc3 Qc7 10. e4 e5 11. d5 Nb6 12. Qb3 Bd7 13. Bg5 cxd5 14. exd5 Rac8 15. Nd2 h6 16. Be3 Bc5 17. Bxc5 Qxc5 18. Nde4 Nxe4 19. Nxe4 Qe7 20. Rac1 Rfd8 21. d6 Qf8 22. Qa3 Bb5 23. Rxc8 Nxc8 24. Rd1 Bc6 25. d7 Rxd7 26. Qxf8+ Kxf8 27. Rxd7 Bxd7 28. Nc5 Bc6 29. Nxb7 Bxb7 30. Bxb7 Nd6 31. Bd5 a5 32. Kf1 Ke7 33. Ke2 Kd7 34. Kd3 1/2-1/2

[Event "GER-ch U25-A"]
[Site "Willingen"]
[Date "2023.06.01"]
[Round "7"]
[White "Kieselbach, Jannik"]
[Black "Kamp, Adrian"]
[Result "0-1"]
[WhiteElo "1765"]
[BlackElo "2021"]
[PlyCount "86"]
[EventDate "2023.05.27"]
[EventType "swiss"]
[EventRounds "9"]
[EventCountry "GER"]
[SourceTitle "CBM 214 Extra"]
[Source "ChessBase"]
[SourceDate "2023.07.31"]
[SourceVersion "1"]
[SourceVersionDate "2023.07.31"]
[SourceQuality "1"]

1. e4 c5 2. c3 d5 3. exd5 Qxd5 4. d4 Nf6 5. Nf3 Nc6 6. Be2 e6 7. Na3 Qd8 8. Nc2 Be7 9. 0-0 0-0 10. dxc5 Bxc5 11. Be3 Bd6 12. Ncd4 Nxd4 13. Bxd4 Qc7 14. h3 e5 15. Be3 b6 16. Nd2 Bb7 17. Bf3 e4 18. Be2 Nd5 19. Bd4 Nf4 20. Be3 Rad8 21. Re1 Qe7 22. Bf1 f5 23. Qc1 Bb8 24. g3 Ne6 25. Bc4 Kh8 26. Bxe6 Qxe6 27. Nf1 f4 28. Bxf4 Bxf4 29. gxf4 Qxh3 30. Qe3 Qh6 31. Rad1 Rd3 32. Rxd3 exd3 33. f3 Qg6+ 34. Kf2 Qf6 35. Qe7 Qxf4 36. Qxb7 Qh4+ 37. Ng3 Qh2+ 38. Ke3 Qxg3 39. Rd1 Qf4+ 40. Kxd3 Rd8+ 41. Ke2 Qh2+ 42. Ke3 Re8+ 43. Kd3 Qe2+ 0-1

[Event "GER-ch U25-A"]
[Site "Willingen"]
[Date "2023.05.31"]
[Round "5"]
[White "Hofmann, Benjamin1"]
[Black "Kamp, Adrian"]
[Result "1/2-1/2"]
[WhiteElo "1700"]
[BlackElo "2021"]
[PlyCount "107"]
[EventDate "2023.05.27"]
[EventType "swiss"]
[EventRounds "9"]
[EventCountry "GER"]
[SourceTitle "CBM 214 Extra"]
[Source "ChessBase"]
[SourceDate "2023.07.31"]
[SourceVersion "1"]
[SourceVersionDate "2023.07.31"]
[SourceQuality "1"]

1. e4 c5 2. Nc3 Nc6 3. g3 g6 4. Bg2 Bg7 5. d3 e6 6. Nge2 Nge7 7. 0-0 0-0 8. Be3 b6 9. Qd2 d5 10. exd5 exd5 11. d4 Ba6 12. Rfd1 Bxe2 13. Nxe2 c4 14. c3 b5 15. Nf4 a5 16. Qe2 Qd6 17. Qf3 Rfd8 18. Ne2 b4 19. Bf4 Qd7 20. g4 Ra6 21. Bg5 Rb6 22. Bxe7 Nxe7 23. Nf4 Qb7 24. Re1 bxc3 25. bxc3 Rb2 26. Re2 Rb1+ 27. Rxb1 Qxb1+ 28. Bf1 Bf8 29. Nh3 Rd6 30. Ng5 f6 31. Ne6 f5 32. Qg3 Qb8 33. Qh4 Qe8 34. Nxf8 Kxf8 35. Qxh7 fxg4 36. Qh8+ Kf7 37. Qh4 Qd7 38. Qh7+ Kf8 39. Rb2 Qc8 40. Qh8+ Kf7 41. Qxc8 Nxc8 42. Rb5 a4 43. Be2 Re6 44. Kf1 Nd6 45. Rxd5 Ne4 46. Bxg4 Rb6 47. Rd7+ Kf6 48. Be2 Rb2 49. Rc7 Rxa2 50. Bxc4 Rxf2+ 51. Kg1 Rc2 52. Ra7 Nxc3 53. Ra6+ Kg7 54. Rxg6+ 1/2-1/2

[Event "GER-chT U20"]
[Site "Muenster"]
[Date "2022.12.29"]
[Round "5"]
[White "Kracht, Raphael"]
[Black "Kamp, Adrian"]
[Result "1-0"]
[WhiteElo "2124"]
[BlackElo "1979"]
[PlyCount "69"]
[EventDate "2022.12.26"]
[EventType "team-swiss"]
[EventRounds "7"]
[EventCountry "GER"]
[SourceTitle "CBM 212 Extra"]
[Source "ChessBase"]
[SourceDate "2023.03.31"]
[SourceVersion "1"]
[SourceVersionDate "2023.03.31"]
[SourceQuality "1"]
[WhiteTeam "Brackel"]
[BlackTeam "Muenster"]
[WhiteTeamCountry "GER"]
[BlackTeamCountry "GER"]

1. b4 e5 2. a3 d5 3. Bb2 Bd6 4. e3 Nf6 5. c4 c6 6. Nf3 Qe7 7. Nc3 0-0 8. cxd5 cxd5 9. Nb5 Nbd7 10. Nxd6 Qxd6 11. Rc1 Re8 12. Qc2 Nf8 13. Qc7 Qxc7 14. Rxc7 Ne6 15. Rc1 e4 16. Nd4 Bd7 17. Be2 Rac8 18. 0-0 a6 19. Nf5 b5 20. Rxc8 Bxc8 21. Rc1 Bd7 22. Nd6 Ra8 23. f4 Ne8 24. Nxe8 Rxe8 25. f5 Nd8 26. g4 f6 27. Rc7 Bc6 28. Bd4 Ba8 29. Ra7 Nc6 30. Rxa6 Nxd4 31. exd4 Rb8 32. Bxb5 Rxb5 33. Rxa8+ Kf7 34. Ra7+ Kf8 35. Ra5 1-0

[Event "Muenster op-A 39th"]
[Site "Muenster"]
[Date "2022.10.03"]
[Round "4"]
[White "Kamp, Adrian"]
[Black "Goldschmidt, Christian"]
[Result "1/2-1/2"]
[WhiteElo "1999"]
[BlackElo "2226"]
[PlyCount "116"]
[EventDate "2022.10.01"]
[EventType "swiss"]
[EventRounds "9"]
[EventCountry "GER"]
[SourceTitle "EXT 2023"]
[Source "ChessBase"]
[SourceDate "2022.10.05"]
[SourceVersion "1"]
[SourceVersionDate "2022.10.05"]
[SourceQuality "1"]

1. e4 e5 2. Nf3 Nc6 3. d4 exd4 4. Nxd4 Nf6 5. Nxc6 bxc6 6. e5 Qe7 7. Qe2 Nd5 8. c4 Ba6 9. Nd2 Nf4 10. Qe4 Ne6 11. b3 Rb8 12. f4 c5 13. Nf3 Bb7 14. Qe3 g6 15. Bb2 Bh6 16. g3 Nd4 17. Bxd4 cxd4 18. Qd3 d6 19. Bg2 dxe5 20. 0-0 0-0 21. Nxe5 Bxg2 22. Kxg2 c5 23. Nc6 Qb7 24. Qf3 Rbe8 25. Nxd4 Qa6 26. Nb5 Bg7 27. Nc7 Qa3 28. Nxe8 Bxa1 29. Qe2 Bd4 30. Nc7 Qa5 31. Nd5 Qd8 32. Re1 a5 33. f5 Kg7 34. Qe4 Qg5 35. fxg6 hxg6 36. Qf4 Qxf4 37. Nxf4 a4 38. Nd5 axb3 39. axb3 Rb8 40. Rb1 Ra8 41. b4 Ra2+ 42. Kh1 cxb4 43. Nxb4 Rd2 44. Nc6 Bb2 45. Na5 Rc2 46. Nb3 f5 47. c5 Kf6 48. Rd1 Rc3 49. Rd6+ Ke5 50. Rb6 g5 51. c6 Ba3 52. Rb5+ Kd6 53. Nd4 Bc5 54. Nxf5+ Kxc6 55. Rb1 g4 56. Re1 Kd5 57. Nh6 Rc4 58. h4 gxh3 1/2-1/2

[Event "GER-ch Youth-A"]
[Site "Willingen"]
[Date "2022.06.11"]
[Round "9"]
[White "Kamp, Adrian"]
[Black "Struck, Lasse"]
[Result "1/2-1/2"]
[WhiteElo "1969"]
[BlackElo "1847"]
[PlyCount "104"]
[EventDate "2022.06.04"]
[EventType "swiss"]
[EventRounds "9"]
[EventCountry "GER"]
[SourceTitle "CBM 208 Extra"]
[Source "ChessBase"]
[SourceDate "2022.07.31"]
[SourceVersion "1"]
[SourceVersionDate "2022.07.31"]
[SourceQuality "1"]

1. e4 c5 2. Nf3 e6 3. c3 Nf6 4. e5 Nd5 5. g3 d6 6. exd6 Bxd6 7. Bg2 0-0 8. 0-0 e5 9. Re1 Nc6 10. d4 exd4 11. cxd4 h6 12. Nc3 Nxc3 13. bxc3 cxd4 14. Nxd4 Bd7 15. Rb1 Rb8 16. Nb5 Bf5 17. Rb2 Be5 18. Qxd8 Rfxd8 19. Bxc6 bxc6 20. Rxe5 Rd1+ 21. Kg2 Rxc1 22. Rxf5 Rxb5 23. Rfxb5 cxb5 24. Rxb5 Rxc3 25. a4 Ra3 26. Ra5 h5 27. Rxa7 g6 28. a5 Kg7 29. a6 Kf6 30. Ra8 Kg5 31. h4+ Kf5 32. Kf1 Ra2 33. Ra7 Kf6 34. Ke1 Ke6 35. Ra8 Kf5 36. f3 Ra3 37. Ke2 Ra2+ 38. Kd3 Ra3+ 39. Ke2 Ra2+ 40. Kd3 Ra3+ 41. Kd4 Rxf3 42. Rf8 Ra3 43. Rxf7+ Kg4 44. Rf6 Kxg3 45. Rxg6+ Kxh4 46. Kc5 Kh3 47. Kb6 h4 48. a7 Kh2 49. Kb7 Rxa7+ 50. Kxa7 h3 51. Rh6 Kg2 52. Rxh3 Kxh3 1/2-1/2

[Event "GER-ch Youth-A"]
[Site "Willingen"]
[Date "2022.06.10"]
[Round "8"]
[White "Zha, Kevin"]
[Black "Kamp, Adrian"]
[Result "0-1"]
[WhiteElo "1835"]
[BlackElo "1969"]
[PlyCount "68"]
[EventDate "2022.06.04"]
[EventType "swiss"]
[EventRounds "9"]
[EventCountry "GER"]
[SourceTitle "CBM 208 Extra"]
[Source "ChessBase"]
[SourceDate "2022.07.31"]
[SourceVersion "1"]
[SourceVersionDate "2022.07.31"]
[SourceQuality "1"]

1. e4 c5 2. c3 Qa5 3. Nf3 Nc6 4. Bc4 d6 5. 0-0 Nf6 6. Qb3 e6 7. d4 Qc7 8. Bd3 d5 9. exd5 Nxd5 10. Be3 Be7 11. Na3 a6 12. Rac1 0-0 13. Qc2 g6 14. Bh6 Rd8 15. h4 b5 16. h5 Nf4 17. hxg6 Nxg6 18. Rfe1 c4 19. Bxg6 hxg6 20. Ng5 Bf8 21. Bxf8 Kxf8 22. Qe4 Rb8 23. Re3 Ne7 24. Rf3 Nf5 25. Rh3 Nd6 26. Nh7+ Ke7 27. Qh4+ Kd7 28. d5 exd5 29. Re1 Kc6 30. Re7 Qb6 31. Nc2 Nf5 32. Nb4+ Kc5 33. Qf6 Qxf6 34. Nxf6 Nxe7 0-1

[Event "GER-ch Youth-A"]
[Site "Willingen"]
[Date "2022.06.08"]
[Round "5"]
[White "Kamp, Adrian"]
[Black "Pick, Max"]
[Result "0-1"]
[WhiteElo "1969"]
[BlackElo "1841"]
[PlyCount "64"]
[EventDate "2022.06.04"]
[EventType "swiss"]
[EventRounds "9"]
[EventCountry "GER"]
[SourceTitle "CBM 208 Extra"]
[Source "ChessBase"]
[SourceDate "2022.07.31"]
[SourceVersion "1"]
[SourceVersionDate "2022.07.31"]
[SourceQuality "1"]

1. e4 d5 2. exd5 Nf6 3. d4 Nxd5 4. c4 Nb6 5. Nf3 Bg4 6. c5 Nd5 7. Qb3 Nc6 8. Qxb7 Ndb4 9. Bb5 Bd7 10. d5 Rb8 11. dxc6 Bf5 12. Nd4 Bd3 13. Ba4 e5 14. Nf3 Bxc5 15. Be3 Bxe3 16. fxe3 Rxb7 17. cxb7+ c6 18. Nxe5 0-0 19. Nd2 Qg5 20. Nxd3 Qxe3+ 21. Kd1 Nxd3 22. Kc2 Nb4+ 23. Kc1 Rd8 24. Rd1 Qc5+ 25. Kb1 Qf5+ 26. Kc1 Nd3+ 27. Kb1 Nb4+ 28. Kc1 Rb8 29. Nf3 Nd3+ 30. Kb1 Rxb7 31. Bb3 Rxb3 32. axb3 Nb4+ 0-1

[Event "GER-ch Youth-A"]
[Site "Willingen"]
[Date "2022.06.07"]
[Round "4"]
[White "Sabirov, Ramil"]
[Black "Kamp, Adrian"]
[Result "1-0"]
[WhiteElo "2124"]
[BlackElo "1969"]
[PlyCount "93"]
[EventDate "2022.06.04"]
[EventType "swiss"]
[EventRounds "9"]
[EventCountry "GER"]
[SourceTitle "CBM 208 Extra"]
[Source "ChessBase"]
[SourceDate "2022.07.31"]
[SourceVersion "1"]
[SourceVersionDate "2022.07.31"]
[SourceQuality "1"]

1. Nf3 c5 2. c4 Nc6 3. g3 g6 4. Bg2 Bg7 5. 0-0 d6 6. Nc3 e5 7. Ne1 Nge7 8. Nc2 0-0 9. d3 f5 10. Ne3 f4 11. Ned5 g5 12. e3 Bf5 13. Re1 Qd7 14. Ne4 h6 15. Nxe7+ Nxe7 16. Rb1 Bg4 17. f3 Be6 18. b4 b6 19. Bd2 Kh8 20. Qe2 Ng6 21. Kh1 Rae8 22. Bc3 Qd8 23. a4 h5 24. Qb2 Rf7 25. d4 g4 26. fxg4 f3 27. Bf1 Bxg4 28. dxc5 bxc5 29. bxc5 dxc5 30. Red1 Qa8 31. Nf2 Bf5 32. Rbc1 Rb8 33. Qa3 Qc6 34. Rd5 Rc7 35. Rcd1 Rb1 36. Rxb1 Bxb1 37. e4 Bc2 38. Qc1 Bxa4 39. Qg5 Qf6 40. Rd8+ Kh7 41. Qxh5+ Bh6 42. Ng4 Qg5 43. Qh3 Bd7 44. Rxd7+ Rxd7 45. Nxh6 Qxh6 46. Qxd7+ Kh8 47. Qh3 1-0

[Event "GER-ch Youth-A"]
[Site "Willingen"]
[Date "2022.06.05"]
[Round "1"]
[White "Kamp, Adrian"]
[Black "Poggemann, Alexander"]
[Result "1-0"]
[WhiteElo "1969"]
[BlackElo "1829"]
[PlyCount "35"]
[EventDate "2022.06.04"]
[EventType "swiss"]
[EventRounds "9"]
[EventCountry "GER"]
[SourceTitle "CBM 208 Extra"]
[Source "ChessBase"]
[SourceDate "2022.07.31"]
[SourceVersion "1"]
[SourceVersionDate "2022.07.31"]
[SourceQuality "1"]

1. e4 e5 2. Nf3 Nc6 3. d4 exd4 4. Nxd4 Nf6 5. Nxc6 bxc6 6. e5 Qe7 7. Qe2 Nd5 8. c4 Ba6 9. Nd2 g6 10. Nf3 Qb4+ 11. Kd1 Bg7 12. Qd2 Qxd2+ 13. Bxd2 Nb6 14. b3 d6 15. Bc3 0-0-0 16. Kc2 Rhe8 17. Re1 Nd7 18. e6 1-0

[Event "GER-chT U20"]
[Site "Willingen"]
[Date "2021.06.26"]
[Round "6"]
[White "Reichelt, Florian"]
[Black "Kamp, Adrian"]
[Result "1-0"]
[WhiteElo "1949"]
[BlackElo "1982"]
[PlyCount "55"]
[EventDate "2021.06.24"]
[EventType "team-swiss"]
[EventRounds "7"]
[EventCountry "GER"]
[SourceTitle "CBM 203 Extra"]
[Source "ChessBase"]
[SourceDate "2021.09.30"]
[SourceVersion "1"]
[SourceVersionDate "2021.09.30"]
[SourceQuality "1"]
[WhiteTeam "Biebertal"]
[BlackTeam "Muenster"]
[WhiteTeamCountry "GER"]
[BlackTeamCountry "GER"]

1. e4 c5 2. Nf3 Nc6 3. d4 cxd4 4. Nxd4 Nf6 5. Nc3 e5 6. Ndb5 d6 7. Bg5 a6 8. Na3 b5 9. Nd5 Be7 10. Bxf6 Bxf6 11. c3 Ne7 12. Nc2 Nxd5 13. Qxd5 Ra7 14. a4 Bb7 15. Qb3 0-0 16. axb5 Bxe4 17. bxa6 Qa8 18. Ne3 Bg5 19. Rg1 Bxe3 20. fxe3 Qc6 21. Qc4 Qb6 22. Qxe4 Qxb2 23. Rb1 Qxc3+ 24. Kf2 d5 25. Qd3 Qa5 26. Be2 d4 27. Rgc1 dxe3+ 28. Qxe3 1-0

[Event "GER-chT U20"]
[Site "Willingen"]
[Date "2021.06.25"]
[Round "3"]
[White "Kamp, Adrian"]
[Black "Waffenschmidt, Lars"]
[Result "1/2-1/2"]
[WhiteElo "1982"]
[BlackElo "1896"]
[PlyCount "65"]
[EventDate "2021.06.24"]
[EventType "team-swiss"]
[EventRounds "7"]
[EventCountry "GER"]
[SourceTitle "CBM 203 Extra"]
[Source "ChessBase"]
[SourceDate "2021.09.30"]
[SourceVersion "1"]
[SourceVersionDate "2021.09.30"]
[SourceQuality "1"]
[WhiteTeam "Muenster"]
[BlackTeam "Bebenhausen"]
[WhiteTeamCountry "GER"]
[BlackTeamCountry "GER"]

1. e4 e5 2. d4 exd4 3. Nf3 Nc6 4. Bc4 Bc5 5. c3 Nf6 6. e5 d5 7. Be2 Ne4 8. cxd4 Bb6 9. Nc3 0-0 10. 0-0 Bg4 11. Be3 Nxc3 12. bxc3 f6 13. exf6 Qxf6 14. Qd2 Rae8 15. Rfe1 Qd6 16. Rab1 Bf5 17. Bd3 Bg4 18. Ng5 h6 19. f3 Bd7 20. Nh7 Rf7 21. Qc2 Rfe7 22. Bf2 Qf4 23. Bg6 Rxe1+ 24. Bxe1 Re7 25. Bg3 Qe3+ 26. Bf2 Qe2 27. Qb3 Qc4 28. Qc2 Re2 29. Nf6+ Kh8 30. Qd1 Qxa2 31. Ra1 Qb2 32. Rb1 Qa2 33. Ra1 1/2-1/2

[Event "GER-chT Christmas U20"]
[Site "Playchess.com INT"]
[Date "2020.12.29"]
[Round "4.2"]
[White "Benz, Leon"]
[Black "Kamp, Adrian"]
[Result "0-1"]
[WhiteElo "1639"]
[BlackElo "1982"]
[PlyCount "72"]
[EventDate "2020.12.29"]
[EventType "team-swiss (blitz)"]
[EventRounds "7"]
[EventCountry "GER"]
[SourceTitle "CBM 200 Extra"]
[Source "ChessBase"]
[SourceDate "2021.03.31"]
[SourceVersion "1"]
[SourceVersionDate "2021.03.31"]
[SourceQuality "1"]
[WhiteTeam "Heinsberg"]
[BlackTeam "Muenster"]
[WhiteTeamCountry "GER"]
[BlackTeamCountry "GER"]

1. d4 Nf6 2. Bf4 g6 3. e3 Bg7 4. Nf3 0-0 5. Bd3 d5 6. c3 c5 7. Nbd2 Nc6 8. 0-0 Nd7 9. e4 dxe4 10. Bxe4 cxd4 11. Bxc6 bxc6 12. cxd4 c5 13. dxc5 Nxc5 14. Qc2 Nd3 15. Bg3 Bf5 16. Qb3 Nxb2 17. Rab1 Bxb1 18. Rxb1 Nd3 19. h3 Rc8 20. Nc4 Qd5 21. Ncd2 Qxb3 22. Nxb3 Rc2 23. Rd1 Nc5 24. Nbd4 Bxd4 25. Nxd4 Rd8 26. Be5 Rxa2 27. Bc7 Rd7 28. Be5 f6 29. Bf4 e5 30. Nb3 Rxd1+ 31. Kh2 exf4 32. Nxc5 Rdd2 33. Ne6 Rxf2 34. Nc7 Rxg2+ 35. Kh1 Rgc2 36. Ne6 Ra1# 0-1

[Event "GER-chT Christmas U20"]
[Site "Playchess.com INT"]
[Date "2020.12.29"]
[Round "2.2"]
[White "Woelk, Tom Frederic"]
[Black "Kamp, Adrian"]
[Result "1-0"]
[WhiteElo "2245"]
[BlackElo "1982"]
[PlyCount "49"]
[EventDate "2020.12.29"]
[EventType "team-swiss (blitz)"]
[EventRounds "7"]
[EventCountry "GER"]
[SourceTitle "CBM 200 Extra"]
[Source "ChessBase"]
[SourceDate "2021.03.31"]
[SourceVersion "1"]
[SourceVersionDate "2021.03.31"]
[SourceQuality "1"]
[WhiteTeam "Hamburger SK"]
[BlackTeam "Muenster"]
[WhiteTeamCountry "GER"]
[BlackTeamCountry "GER"]

1. d4 Nf6 2. c4 g6 3. Nc3 d5 4. cxd5 Nxd5 5. e4 Nxc3 6. bxc3 Bg7 7. Bb5+ c6 8. Ba4 0-0 9. Ne2 b5 10. Bb3 c5 11. Bd5 cxd4 12. cxd4 Nc6 13. Bxc6 Rb8 14. Bd5 e6 15. Bb3 Bb7 16. f3 Qa5+ 17. Qd2 Qb6 18. Bb2 Rfd8 19. 0-0 a5 20. Kh1 a4 21. Bc2 Rbc8 22. Rad1 Bc6 23. Bc3 Bf8 24. Bb4 Bg7 25. Ba5 1-0

[Event "GER-ch U25-A"]
[Site "Willingen"]
[Date "2019.06.11"]
[Round "4"]
[White "Kamp, Adrian"]
[Black "Struck, Lasse"]
[Result "1/2-1/2"]
[WhiteElo "1865"]
[BlackElo "1770"]
[PlyCount "78"]
[EventDate "2019.06.08"]
[EventType "swiss"]
[EventRounds "9"]
[EventCountry "GER"]
[SourceTitle "CBM 191 Extra"]
[Source "ChessBase"]
[SourceDate "2019.09.30"]
[SourceVersion "1"]
[SourceVersionDate "2019.09.30"]
[SourceQuality "1"]

1. e4 e6 2. d4 d5 3. Nd2 c5 4. exd5 Qxd5 5. Ngf3 cxd4 6. Bc4 Qd6 7. 0-0 Nf6 8. Nb3 Nc6 9. Nbxd4 Nxd4 10. Nxd4 a6 11. Re1 Be7 12. c3 0-0 13. Qf3 Qc7 14. Bd3 Bd6 15. h4 Bd7 16. Bg5 Bc6 17. Nxc6 Qxc6 18. Qxc6 bxc6 19. Bxf6 gxf6 20. Rad1 Rfd8 21. Be4 Rab8 22. b3 c5 23. Rd3 f5 24. Red1 Rb6 25. Bf3 Kf8 26. Kf1 Ke7 27. Ke2 Bc7 28. Rxd8 Bxd8 29. Rd3 Rd6 30. b4 Rxd3 31. Kxd3 cxb4 32. cxb4 Kd6 33. Bb7 a5 34. Kc4 axb4 35. Kxb4 Bxh4 36. f3 Kc7 37. Ba8 Kb6 38. Kc4 Bf2 39. a4 h5 1/2-1/2